| 000 | 00403nam a22001457a 4500 | ||
|---|---|---|---|
| 005 | 20170912111704.0 | ||
| 008 | 170831b xxu||||| |||| 00| 0 eng d | ||
| 040 | _cPK-LaUMT | ||
| 082 |
_aRHC 891.4398 _bHAR-P |
||
| 100 | _aHaroon Rasheed Tabasum | ||
| 245 |
_aPakistan sab kay liyyay (urdu)/ _cHaroon Rasheed Tabasum |
||
| 260 |
_aجہلم: _bبک کارنر ، _c2014 |
||
| 300 | _a288 ص | ||
| 942 | _cBK | ||
| 999 |
_c97855 _d97855 |
||